000 00744nam a2200157 4500
999 _c38552
_d38552
082 _aRK.0350
100 _aKapadia, Shagufa
_uDepartment of Human Development and Family Studies, Maharaja Sayajirao University of Baroda
_vVadodara, Gujarat
245 _aSocial-moral Development in the Indian Context:
_ba cultural analysis using the "Big Three" ethics (Autonomy, Community and Divinity) Framework/
_cShagufa Kapadia
260 _aVadodara, Gujarat:
_bIndian Council of Social Science Research,
300 _a102p.
500 _aIncluded Bibliographical References and Appendices
536 _aIndian Council of Social Science Research
650 _aSocial-moral Development
_xMoral education
650 _aEthics
_xPhilosophy
942 _2ddc
_cRP